000 00424cam a2200157ua 4500
041 _aeng
_h
082 _a028.71624
_bGUR/ST
100 _aGurcharan, Singh .
245 _aStandard handbook of civil engineering /
_cGurcharan singh.
_hTextual Documents
250 _a1 /
_b.
260 _aNew Delhi :
_bStandard publishers Distributors ,
_c1966.
300 _a924 ; .
504 _a
942 _cBK
999 _c7093
_d7093